Missing Word: Neil Young A-Z Quiz Stats

 Plays Quiz Updated Jul 9, 2018

Challenge
Share
Tweet
Embed
Score 0/26 Timer 04:00
0 Plays Today
Song title Missing word % Correct
Wrecking ____Ball
98.1%
Cry, ___, CryCry
96.7%
____ by the RiverDown
96.3%
I've Been Waiting for ___You
96.2%
Life __ the CityIn
94.6%
Weight of the _____World
93.7%
Heart of ____Gold
93%
Harvest ____Moon
93%
Let's Impeach the _________President
92.4%
This ___ HouseOld
91.9%
After the Gold ____Rush
90.9%
Lotta ____Love
89.6%
Crime In The City (Sixty To ____ Part 1)Zero
87.4%
Song title Missing word % Correct
Song _X
85.6%
Rockin' in the ____ WorldFree
84.1%
Days That ____ to BeUsed
81.9%
Coupe De _____Ville
75.6%
Don't Cry No ____Tears
75.3%
Broken _____Arrow
73.7%
_____ of Them AllQueen
62.3%
____ of BethlehemStar
53.3%
Cortez the ______Killer
49.8%
Like a _________Hurricane
40.4%
The ______ and the Damage DoneNeedle
39.3%
Lookout ___Joe
38.5%
Tired ____Eyes
37.1%

Today's Daily Dose

You're not logged in!

Compare scores with friends on all Sporcle quizzes.
OR
Log In

You Might Also Like...

Show Comments

Extras

Top Quizzes Today


Score Distribution

Your Account Isn't Verified!

In order to create a playlist on Sporcle, you need to verify the email address you used during registration. Go to your Sporcle Settings to finish the process.

Report this User

Report this user for behavior that violates our Community Guidelines.

Details: